000 01637nam a2200385 c 4500
003 BLK
005 20230814120026.0
008 180408b bul|||||r ||||||| ||bul||
010 _aKNG00099958000
020 _a978-954-26-0819-6
_bиздат.: Хермес
040 _aBLK
041 _aBUL
_cBUL
072 7 _2bullib
_aН39
_xЕтнология. Фолклористика Н
072 7 _2bullib
_aН70
_xИзкуства Н
080 _aОблекло. Носия. Мода. Накит. Вж и 613.4 ; 646 ; 687
_b391
_x(035)
_z391(035)
100 1 _aЙонас, Силвия
_eпърви автор
_9306256
700 1 _aРашева-Джейвънс, Валентина Борисова
_eпрев.
_9374068
139 _aЙонас, Силвия
_bИ 79
245 1 0 _aМодата
_bМарки, дизайнери, стилове
_cСилвия Йонас; прев. Валентина Борисова Рашева-Джейвънс.
257 _aNLD
260 Пловдив
_bХермес
_c2010
_fОтпеч. в Китай
300 _a296 с.
_bс цв. ил.
_c18 см
380 _a3
500 _aОриг. загл. Lexicon of Fashion / Sylvia Jonas. - Авт. не e отбелязан на кор. ; Прев. известна като Валентина Борисова Рашева.
650 4 _aМода
_9162556
653 _aмода
653 _aсправочници
659 _aН
852 _aЦб І 34022
856 4 _qpdf
_u
856 4 _qpdf
_u
942 _cKNG
_n0
_04
944 _aCR
_c25.02.2011
_lРусанова Ирена
_k30542
944 _aED
_c08.01.2013
_lф /
_k
999 _c95107
_d95107